000 01695nam a2200337 a 4500
001 BRCA_3045
005 20190320204101.0
008 220109s1773----fr-a---###---#000-0#fre-u
041 _afre
044 _afr
084 _a351
_b.B548
_c1773
100 1 _aCervantes Saavedra, Miguel de
_d1547-1616
_9213
245 1 0 _aHistoire de L´Admirable Don Quichotte de la Manche
_cMiguel de Cervantes Saavedra ; Traduite de L´Espagnol par Filleau de Saint-Martin.
260 _aParís
_bBleuet
_c1773
300 _a6 v.
_bil.
_c18 cm.
500 _aContenido : v 1. Primera parte. Advertencia del traductor. Prólogo del autor. Texto. -- v 2. Texto. -- v 3. Segunda parte. Texto. -- v 4. Texto. -- v 5. Primera parte de la continuación escrita por el traductor. -- v 6. Segunda parte de la continuación escrita por el traductor
500 _aEdición : Revueé Corrigée et Augmentée. Avec Figures D´Apres les Dessins de Coypel et de Bernard Picard
500 _aOtra reproducción de la versión francesa del mismo traductor, pero editada por distinto librero Lúdovik Osterc
500 _aQM809
546 _aTexto es : francés
650 1 4 _aNovela española
_yÉpoca clásica, 1500-1700
_9215
650 1 4 _aLiteratura española
_yÉpoca clásica, 1500-1700
_9216
650 1 4 _aNovela española
_ySiglo XVII
_9217
650 1 4 _aDon Quijote (Personaje ficticio)
_eNovela
_9218
700 1 _aSaint-Martin, Fracois Filleau de
_d1632-1695
_eTraductor
_98357
700 1 _aCoypel, Charles-Antoine
_d1694-1752
_eIlustrador
_98358
700 1 _aPicart Le Romain, Bernard
_d1673-1733
_eIlustrador
_98359
740 0 _aEl Ingenioso Hidalgo Don Quijote de la Mancha
902 _aQFM
942 _2lcc
_cB
999 _c2781
_d2781